| 000 | 01367nam a22003857a 4500 | ||
|---|---|---|---|
| 003 | CHAP | ||
| 005 | 20220817041901.0 | ||
| 008 | 971013s r 00010 d | ||
| 010 | _a27653 | ||
| 011 | _a28625 | ||
| 035 | _a32731 | ||
| 040 | _cCHAP | ||
| 082 |
_a635 _bI57 |
||
| 110 |
_aINIA. México. Campo Agrícola Experimental Pabellón _958504 |
||
| 245 | _aExperimentos de investigación de hortalizas CAEPAB, 19 - | ||
| 260 |
_aPabellón, Ags. : _bEl Instituto, _c19 - |
||
| 300 | _av | ||
| 490 | _aPublicación especial CAEPAB | ||
| 500 | _aLa biblioteca tiene: 1969-80 | ||
| 590 |
_aBATCH-UPD _b10 _c20130110 _lUCH01 _h0118 |
||
| 590 |
_aBATCH-UPD _b10 _c20130110 _lUCH01 _h2143 |
||
| 590 |
_aBATCH-UPD _b10 _c20130409 _lUCH01 _h2111 |
||
| 590 |
_aBATCH-UPD _b10 _c20130410 _lUCH01 _h1452 |
||
| 590 |
_aBATCH-UPD _b10 _c20130914 _lUCH01 _h0956 |
||
| 590 |
_aCONVERSION _b10 _c20130109 _lUCH01 _h1316 |
||
| 650 | 1 | 4 |
_aHorticultura _xAguascalientes. _956293 |
| 650 | 1 | 4 |
_aHorticultura _xInvestigación. _956343 |
| 650 | 1 | 4 |
_aLegumbres _xAguascalientes. _965681 |
| 700 | 0 |
_aCárdenas Valdovinos, J. _924107 |
|
| 830 | 0 | _aPublicación especial CAEPAB | |
| 901 | _aBK | ||
| 942 | _cLIBRO | ||
| 949 |
_a635 I57 _bBC _cLIBRO _d33724000244059 _eLIBRO _f1969-80 _h58916 _i32731 _mD _si |
||
| 949 |
_a635 I57 _bBC _cLIBRO _d33724000244067 _eLIBRO _f1969-80 c.2 _h58915 _i32731 _mD _si |
||
| 999 |
_c27653 _d27653 |
||